| Record ID | ia:significantothe100maup |
| Source | Internet Archive |
| Download MARC XML | https://archive.org/download/significantothe100maup/significantothe100maup_marc.xml |
| Download MARC binary | https://www.archive.org/download/significantothe100maup/significantothe100maup_meta.mrc |
LEADER: 00631nam 22002175a 4500
004 AEK7893
005 20000524092000.0
008 891214r19891987nyu 000 1 eng d
020 $a0060964081 (pbk)
035 $a(OCoLC)ocm20786761
035 9 $aAEK7893
040 $aABY$cABY$dECL
049 $aBXMM
090 $aPS3563.A878$bS5x 1989
100 1 $aMaupin, Armistead.
245 10 $aSignificant others /$cArmistead Maupin.
260 $aNew York :$bHarper & Row,$c1989, c1987.
300 $a322 p. ;$c24 cm.
500 $a"Perennial Library"
852 00 $aMChB$bBAPST$cGAR$hPS3563.A878$iS5x 1989$xRUSH 930121 JB$91
948 $aLTI 08/08/2000